Study Guide for use with Business for the 21st Century
Na minha lista:
| Autor principal: | |
|---|---|
| Formato: | Livro |
| Idioma: | inglês |
| Publicado em: |
Homewood
IRWIN
1992
|
| Edição: | 1. ed. |
| Assuntos: | |
| Tags: |
Sem tags, seja o primeiro a adicionar uma tag!
|
MARC
| LEADER | 00000nam a2200000 4500 | ||
|---|---|---|---|
| 001 | c014393 | ||
| 005 | 20221214091928.9 | ||
| 020 | |a 0-256-09691-0 | ||
| 041 | 0 | |a eng | |
| 044 | |a US | ||
| 245 | 1 | 0 | |a Study Guide for use with Business for the 21st Century |c David Reiter |
| 250 | |a 1. ed. | ||
| 264 | 1 | |a Homewood |b IRWIN |c 1992 | |
| 300 | |a 221 s. | ||
| 610 | 2 | 0 | |a podnikanie |
| 610 | 2 | 0 | |a prognózy |
| 610 | 2 | 0 | |a prognózy dlhodobé |
| 610 | 2 | 0 | |a prognózy hospodárske |
| 610 | 2 | 0 | |a predvídanie |
| 610 | 2 | 0 | |a konjunktúra hospodárska |
| 610 | 2 | 0 | |a odhady |
| 100 | 1 | |a Reiter, David | |